000 00648nam a2200205Ia 4500
003 GCL
008 140319s9999 xx 000 0 ara d
040 _aGCL /
_cGCL
082 0 4 _a219.3
_bع ا
100 1 _aجابر عصفور
245 1 0 _aالاسلام واصول الحكم : بحث فى الخلافة والحكومة فى الاسلام /
_cجابر عصفور
700 1 _aعلى عبدالرازق
300 _a103 ص
490 _aالمواجهة
_v0
650 0 4 _aالاسلام
650 0 4 _aالخلافة
650 0 4 _aالاسلام والسياسة
650 0 4 _aالاسلام - نظام الحكم
942 _2ddc
_cBK
999 _c39977
_d39977